| 000 | 02016nam0a2200397 4500 | ||
|---|---|---|---|
| 001 | RU\NLR\bibl\1376931 | ||
| 005 | 20260405125549.0 | ||
| 010 |
_a978-5-98980-021-6 _9500 |
||
| 021 |
_aRU _b2009-26999 _91607 |
||
| 035 | _a(nilc)RSL-KNO-004274056 | ||
| 035 | _a(NLR Aleph) 001369038 | ||
| 090 |
_a1029710 _c1029710 |
||
| 100 | _a20090410d2009 |||y0rusy50 ca | ||
| 101 | 0 | _arus | |
| 102 | _aRU | ||
| 105 | _ay ||||||||| | ||
| 200 | 1 |
_aКультурология: от теории к практике _eкультурология образования, о стратегии развития мультисубъектной личности _fКузнецова Елена Сергеевна _gКемеровский гос. ун-т культуры и искусств, Ин-т культуры и НИИ прикладной культурологии, Каф. гуманитарных наук и художественного образования КРИПК и ПРО, МОУ ДПО "Научно-методический центр" г. Кемерово |
|
| 210 |
_aКемерово _cНМЦ _d2009 |
||
| 215 |
_a112 с. _d21 |
||
| 320 | _aБиблиогр.: с. 99-109 | ||
| 606 | 1 |
_aКультурология _jУчебные издания для высших учебных заведений _91437504 _3RU\NLR\auth\66607983 |
|
| 606 | 1 |
_aКультура и образование _jУчебные издания для высших учебных заведений _91489631 _3RU\NLR\auth\66639778 |
|
| 686 |
_aС555.2,0 _2rubbk |
||
| 686 | _aТ3(0)0-7я73 | ||
| 686 | _aС550.2я73 | ||
| 686 | _aЧ111 | ||
| 686 |
_aЧ30в2 _bЧ11я73 |
||
| 700 | 1 |
_4070 _7ca _8rus _aКузнецова _bЕ. С. _cкультуролог _gЕлена Сергеевна _933790 _3RU\NLR\auth\7750856 |
|
| 801 | 0 |
_aRU _bРГБ _c20090410 _grcr |
|
| 801 | 1 |
_aRU _bРГБ _c20090410 |
|
| 801 | 2 |
_aRU _bNLR _c20090603 _grcr |
|
| 830 | _aпо кнг | ||
| 942 | _cBOOK | ||
| 980 | _aNB | ||
| 980 | _aNBR | ||